000 00699nam a2200241Ia 4500
003 OSt
005 20251106144324.0
008 210210b2007 xxu||||| |||| 00| 0 eng d
040 _cAL
041 _akan
082 _aK894.4 RAMP
100 _aRAMACHANDRA UCHCHIL
_9167732
_dರಾಮಚಂದ್ರ ಉಚ್ಚಿಲ್
245 _aPampa ramayana: Gadya kathanaka
_bಪಂಪ ರಾಮಾಯಣ: ಗದ್ಯ ಕಥನ
260 _aMangaluru
_bKala Gangotri
_c2007
300 _axxii,89
650 _aramayana
_9167733
650 _aPampa
_9167734
650 _akathanaka
_9167735
650 _aGadya
_9167736
690 _aKannada Prose
_9167737
906 _a062140
942 _2ddc
_cBK
999 _c116825
_d116825